[Event "Ogolnopolska Olimpiada Mlodziezy D-14"]
[Site "Spala"]
[Date "1899-12-30"]
[Round "1.1"]
[White "Ossolinska, Matylda"]
[Black "Sliwicka, Alicja"]
[Result "0-1"]
[WhiteTitle "II"]
[BlackTitle "WFM"]
[WhiteElo "1426"]
[BlackElo "1841"]

1. e4 c5 2. Nf3 e6 3. d4 cxd4 4. Nxd4 a6 5. c4 Nf6 6. f3 Qc7 7. Nc3 d6 8. Be3 Nbd7
9. Be2 Be7 10. O-O b6 11. Qd2 Bb7 12. Rac1 O-O 13. Rfd1 Rac8 14. Nc2 Rfd8 15.
Nb4 d5 16. a3 dxe4 17. fxe4 Ne5 18. Qe1 Neg4 19. Bxg4 Nxg4 20. Rxd8+ Rxd8 21.
Qe2 Qxh2+ 22. Kf1 Qh1+ 23. Bg1 Bc5 24. Qxg4 Qxg1+ 25. Ke2 Qf2# 0-1

[Event "Ogolnopolska Olimpiada Mlodziezy D-14"]
[Site "Spala"]
[Date "1899-12-30"]
[Round "1.2"]
[White "Antolak, Julia"]
[Black "Humin, Julia"]
[Result "1-0"]
[WhiteTitle "I++"]
[BlackTitle "II+"]
[WhiteElo "1809"]
[BlackElo "1418"]

1. e4 e6 2. d4 d5 3. Nc3 Bb4 4. e5 c5 5. a3 Bxc3+ 6. bxc3 Ne7 7. Qg4 O-O 8. Be2
Nbc6 9. Nf3 Qa5 10. Bd2 f5 11. exf6 Rxf6 12. O-O e5 13. Qh5 e4 14. Bg5 Rf8 15.
Bxe7 Nxe7 16. Nh4 Qxc3 17. Qe5 Rf7 18. Qd6 Bf5 19. Nxf5 Nxf5 20. Qxd5 Nxd4 21.
Bc4 Raf8 22. Qxc5 Kh8 23. Rad1 Ne2+ 24. Kh1 h6 25. Qd5 Nf4 26. Qxf7 Rxf7 27. Bxf7
Nxg2 28. Rd8+ Kh7 29. Bg8+ Kg6 30. Rg1 Qf6 31. Rxg2+ Kf5 32. Rd5+ Kf4 33. Bh7
g6 34. Bxg6 Qa1+ 35. Rg1 Qxg1+ 36. Kxg1 Ke5 37. Rd8 1-0

[Event "Ogolnopolska Olimpiada Mlodziezy D-14"]
[Site "Spala"]
[Date "1899-12-30"]
[Round "1.3"]
[White "Ziziuk, Martyna"]
[Black "Frej, Zofia"]
[Result "0-1"]
[WhiteTitle "II+"]
[BlackTitle "I+"]
[WhiteElo "1412"]
[BlackElo "1747"]

1. e4 c5 2. Nf3 Nc6 3. d4 cxd4 4. Nxd4 g6 5. c3 Bg7 6. Be3 Nf6 7. Bd3 O-O 8. O-O
d5 9. Nxc6 bxc6 10. exd5 cxd5 11. Bd4 Qc7 12. h3 e5 13. Be3 Be6 14. Nd2 Nd7 15.
Nb3 Rab8 16. Rc1 f5 17. f4 e4 18. Be2 Rfc8 19. Qd2 Bf7 20. Ba6 Rd8 21. Bd4 Bxd4+
22. Qxd4 Qb6 23. Qxb6 Rxb6 24. Be2 Rc8 25. Rc2 Nc5 26. Nxc5 Rxc5 27. Rd1 a5 28.
Rd4 Rbc6 29. Kf2 h6 30. h4 Be6 31. g3 Kf7 32. Ke3 Kf6 33. Bf1 Rb6 34. a3 Rbc6
35. Rdd2 Rc7 36. Rd4 Bd7 37. Rcd2 Be6 38. Rh2 Bf7 39. Rhd2 Rb7 40. Ra4 Ke6 41.
Ba6 Rb6 42. Bf1 Be8 43. Rad4 Bb5 44. Be2 Bxe2 45. Rxe2 Rb3 46. Rdd2 Rc4 47. Rd4
Rc5 48. Rdd2 h5 49. Rd4 Rcb5 50. Rdd2 Kd6 51. Kd4 Rc5 52. Ke3 Rc4 53. Rd4 Kc5
54. Rdd2 d4+ 55. Kxd4+ 0-1

[Event "Ogolnopolska Olimpiada Mlodziezy D-14"]
[Site "Spala"]
[Date "1899-12-30"]
[Round "1.4"]
[White "Parol, Pola"]
[Black "Wojcik, Jagoda"]
[Result "1-0"]
[WhiteTitle "I"]
[BlackTitle "I"]
[WhiteElo "1734"]
[BlackElo "1407"]

1. e4 e5 2. Nf3 Nf6 3. Nxe5 d6 4. Nf3 Nxe4 5. Nc3 Nxc3 6. dxc3 Be7 7. Be3 O-O 8.
Qd2 Nc6 9. O-O-O Bf5 10. h3 Qd7 11. Bd3 Bxd3 12. cxd3 Qe6 13. Kb1 Rad8 14. g4
d5 15. Bf4 Bd6 16. Bxd6 Qxd6 17. Nh4 Ne7 18. f4 Rfe8 19. f5 Qg3 20. Ng2 Nc6 21.
f6 Qe5 22. Rhf1 Qe2 23. Qg5 1-0

[Event "Ogolnopolska Olimpiada Mlodziezy D-14"]
[Site "Spala"]
[Date "1899-12-30"]
[Round "1.5"]
[White "Kostecka, Marika"]
[Black "Kaczmarska, Joanna"]
[Result "0-1"]
[WhiteTitle "II"]
[BlackTitle "I++"]
[WhiteElo "1392"]
[BlackElo "1724"]

1. e4 e5 2. Nf3 Nc6 3. Bb5 Nd4 4. Nxd4 exd4 5. d3 Bc5 6. O-O Ne7 7. Bc4 O-O 8.
Bg5 c6 9. Re1 Qb6 10. Bb3 Ng6 11. f4 Be7 12. Qg4 Qa5 13. Rf1 Bxg5 14. fxg5 d5
15. Qf3 Be6 16. exd5 cxd5 17. Qf2 Qb6 18. Nd2 a5 19. a4 Ne5 20. Qf4 Nc6 21. h4
f6 22. Rae1 Ne7 23. gxf6 Rxf6 24. Qe5 Ng6 25. Qe2 Bf7 26. Rxf6 Qxf6 27. g3 Re8
28. Qf2 Qxf2+ 29. Kxf2 Rxe1 30. Kxe1 Ne5 31. Kf2 Kf8 32. Nf3 Nxf3 33. Kxf3 Ke7
34. g4 Kd6 35. Kf4 h5 36. gxh5 Bxh5 37. Kf5 Bf7 38. Ba2 Bh5 39. Kg5 Be8 40. c3
Ke5 41. b3 dxc3 42. Bb1 d4 43. Bc2 b6 44. Bd1 Bf7 45. Bc2 Kd5 46. Kf5 Kc5 47.
Kg5 Kb4 48. h5 Bxb3 49. Kg6 Bxc2 50. Kxg7 Bxd3 51. h6 c2 52. h7 Bxh7 53. Kxh7
c1=Q 0-1

[Event "Ogolnopolska Olimpiada Mlodziezy D-14"]
[Site "Spala"]
[Date "1899-12-30"]
[Round "1.6"]
[White "Stebel, Agata"]
[Black "Daliga, Anita"]
[Result "1-0"]
[WhiteTitle "I"]
[BlackTitle "II+"]
[WhiteElo "1673"]
[BlackElo "1390"]

1. e4 e5 2. Nf3 Nc6 3. Bc4 Bc5 4. O-O d6 5. c3 Nf6 6. d4 exd4 7. cxd4 Bb6 8. e5
dxe5 9. Qb3 Qe7 10. dxe5 Ne4 11. Nc3 Nc5 12. Qd1 h6 13. Nd5 Qd8 14. b4 Ne6 15.
a4 a6 16. Ba3 Ne7 17. Nxb6 Qxd1 18. Rfxd1 cxb6 19. b5 Nc5 20. a5 Nd7 21. e6 fxe6
22. Re1 axb5 23. Bxe6 Nc6 24. Rad1 Kd8 25. Ne5 Ncxe5 26. Rxe5 Kc7 27. axb6+ Kxb6
28. Re3 Nf6 29. Rd6+ Kc7 30. Rc3+ Kb8 31. f3 Bxe6 32. Rxe6 Nd5 33. Bd6+ Ka7 34.
Ra3+ Kb6 35. Bf8+ Kc7 36. Rxa8 Nf6 37. Re7+ Kc6 38. Rxg7 b4 39. Rg6 Kd5 1-0

[Event "Ogolnopolska Olimpiada Mlodziezy D-14"]
[Site "Spala"]
[Date "1899-12-30"]
[Round "1.7"]
[White "Tkaczyk, Weronika"]
[Black "Leczek, Weronika"]
[Result "0-1"]
[WhiteTitle "II"]
[BlackTitle "I"]
[WhiteElo "1372"]
[BlackElo "1632"]

1. e4 c5 2. Nf3 Nc6 3. d4 cxd4 4. Nxd4 Nf6 5. Nc3 d6 6. Bc4 e6 7. O-O Be7 8. h3
O-O 9. Kh1 a6 10. f4 Qc7 11. a4 Nxd4 12. Qxd4 Rd8 13. b3 d5 14. exd5 Nxd5 15.
Nxd5 exd5 16. Be3 dxc4 17. Qxc4 Qxc4 18. bxc4 Bf5 19. c3 Rac8 20. Bd4 Bc5 21.
Rad1 Bxd4 22. Rxd4 Rxd4 23. cxd4 Rxc4 24. Rd1 Kf8 25. a5 Ra4 26. Kg1 Rxa5 27.
Kf2 Ra3 28. g4 Be4 29. d5 Rd3 30. Rxd3 Bxd3 31. Ke3 Bc4 32. Kd4 Bxd5 33. Kxd5
b5 34. Kc5 Ke7 35. h4 h6 36. g5 hxg5 37. fxg5 g6 0-1

[Event "Ogolnopolska Olimpiada Mlodziezy D-14"]
[Site "Spala"]
[Date "1899-12-30"]
[Round "1.8"]
[White "Cieslak, Wiktoria"]
[Black "Pedrak, Paulina"]
[Result "1-0"]
[WhiteTitle "I"]
[BlackTitle "I"]
[WhiteElo "1615"]
[BlackElo "1367"]

1. e4 c5 2. Nf3 e6 3. d4 cxd4 4. Nxd4 a6 5. Bd3 Nc6 6. Nb3 Qc7 7. O-O Nf6 8. c4
Be7 9. Nc3 d6 10. Qe2 Ne5 11. Bg5 Nxd3 12. Qxd3 b6 13. Rad1 Bb7 14. f4 Rc8 15.
e5 dxe5 16. fxe5 Nd7 17. Bxe7 Kxe7 18. Qd6+ Qxd6 19. Rxd6 Rhd8 20. Rf4 Bc6 21.
Rfd4 Nxe5 22. Rxd8 Rxd8 23. Rxd8 Kxd8 24. Nd4 Ke7 25. Nxc6+ Nxc6 26. Kf2 f5 27.
Ke3 Kf6 28. g3 g5 29. Na4 b5 30. cxb5 axb5 31. Nc5 Ne5 32. Ke2 h5 33. b3 Ke7 34.
a4 bxa4 35. bxa4 Kd6 36. Nb3 Nc6 37. a5 Nb4 38. Nd4 g4 39. Ke3 Ke5 40. Nb3 Nd5+
41. Kd3 f4 42. gxf4+ Kxf4 43. Kd4 h4 44. Nc5 Nc7 45. Nd3+ Kf5 46. Kc5 Ke4 47.
Ne1 g3 48. h3 e5 49. Ng2 Kd3 50. Kd6 Nb5+ 51. Kxe5 Kc4 52. Nxh4 Na7 53. Ng2 Kb5
54. h4 Nc6+ 55. Ke6 Nd4+ 56. Kf6 Kxa5 57. h5 Nc6 58. h6 1-0

[Event "Ogolnopolska Olimpiada Mlodziezy D-14"]
[Site "Spala"]
[Date "1899-12-30"]
[Round "1.9"]
[White "Krzywnicka, Maria"]
[Black "Dwilewicz, Agata"]
[Result "1-0"]
[WhiteTitle "II"]
[BlackTitle "I"]
[WhiteElo "1360"]
[BlackElo "1585"]

1. e4 e5 2. Nf3 Nc6 3. Bb5 a6 4. Ba4 Nf6 5. d3 b5 6. Bb3 Be7 7. O-O O-O 8. Re1
d6 9. c3 Bg4 10. h3 Bh5 11. Bg5 Na5 12. Bc2 h6 13. Bh4 c5 14. Nbd2 Rc8 15. Nf1
Nh7 16. Bxe7 Qxe7 17. Ng3 Bxf3 18. Qxf3 Ng5 19. Qg4 Qf6 20. Re3 Qf4 21. Qe2 g6
22. Nf1 Qf6 23. Nh2 Ne6 24. Ng4 Qg5 25. Rg3 Nf4 26. Qe3 Nc6 27. a3 Ne7 28. Bb3
c4 29. Bc2 d5 30. Rd1 d4 31. cxd4 exd4 32. Qd2 h5 33. Nh2 Qe5 34. Nf3 Qf6 35.
e5 Qf5 36. Nh4 Qxe5 37. Re1 Qf6 38. Rxe7 cxd3 39. Bb3 Ne2+ 40. Rxe2 dxe2 41. Rxg6+
Qxg6 42. Nxg6 Kg7 43. Qxd4+ Kxg6 44. Qd3+ f5 45. Qxe2 Rfe8 46. Qf3 Rc1+ 47. Kh2
h4 48. Bf7+ Kxf7 49. Qh5+ Ke6 50. Qxe8+ Kd5 51. Qd7+ Ke4 52. f3+ Ke3 53. Qxf5
Kd2 54. Qe5 Kc2 55. f4 Rb1 56. Qc3+ Kd1 57. f5 a5 58. f6 Rc1 59. Qb3+ 1-0

[Event "Ogolnopolska Olimpiada Mlodziezy D-14"]
[Site "Spala"]
[Date "1899-12-30"]
[Round "1.10"]
[White "Kalinowska, Karolina"]
[Black "Buchta, Agnieszka"]
[Result "0-1"]
[WhiteTitle "I"]
[BlackTitle "II"]
[WhiteElo "1537"]
[BlackElo "1352"]

1. e4 c5 2. Nf3 e6 3. d4 cxd4 4. Nxd4 Nf6 5. Nc3 Bb4 6. Bd3 Nc6 7. Be3 d5 8. Nxc6
bxc6 9. exd5 cxd5 10. Bd2 O-O 11. O-O Bd7 12. Ne2 Bd6 13. c3 Qb8 14. Qc2 Bxh2+
15. Kh1 Be5 16. Bg5 h6 17. Bh4 Ng4 18. Qd2 Bxc3 19. Qf4 Qxf4 20. Nxf4 Bxb2 21.
Rab1 Bf6 22. Bxf6 Nxf6 23. Rb7 Bc6 24. Rc7 Rfc8 25. Rxc8+ Rxc8 26. Rc1 Bb7 27.
Rb1 Rc7 28. a4 e5 29. Nh3 Nd7 30. a5 Nc5 31. Bf5 g6 0-1

[Event "Ogolnopolska Olimpiada Mlodziezy D-14"]
[Site "Spala"]
[Date "1899-12-30"]
[Round "1.11"]
[White "Borkowska, Zuzanna"]
[Black "Szelag, Zuzanna"]
[Result "1-0"]
[WhiteTitle "II+"]
[BlackTitle "I"]
[WhiteElo "1342"]
[BlackElo "1534"]

1. e4 c5 2. Nf3 Nc6 3. d4 cxd4 4. Nxd4 g6 5. Nc3 Bg7 6. Be3 Nf6 7. Bc4 O-O 8. O-O
Nxe4 9. Nxe4 d5 10. Nxc6 bxc6 11. Bd3 dxe4 12. Bxe4 Qc7 13. c3 Rb8 14. Rb1 Be6
15. Qa4 c5 16. Qa3 Rfc8 17. b4 cxb4 18. cxb4 Qc4 19. Bf3 Qxa2 20. Qxa7 Bf6 21.
b5 Bd5 22. b6 Rd8 23. Rfd1 e6 24. Bxd5 Qxa7 25. bxa7 Rxb1 26. Rxb1 Rxd5 27. a8=Q+
Kg7 28. g3 1-0

[Event "Ogolnopolska Olimpiada Mlodziezy D-14"]
[Site "Spala"]
[Date "1899-12-30"]
[Round "1.12"]
[White "Trusz, Julia"]
[Black "Ciesinska, Weronika"]
[Result "1-0"]
[WhiteTitle "I"]
[BlackTitle "II"]
[WhiteElo "1533"]
[BlackElo "1335"]

1. e4 c5 2. Nf3 Nc6 3. d4 cxd4 4. Nxd4 Nf6 5. Nc3 g6 6. Be2 Bg7 7. Nb3 O-O 8. O-O
d6 9. Bg5 Be6 10. f4 Rc8 11. Bf3 Qb6+ 12. Kh1 Bc4 13. Re1 Rfe8 14. Qd2 Bxb3 15.
cxb3 Nd4 16. Na4 Nxf3 17. Nxb6 Nxd2 18. Nxc8 Rxc8 19. Bxf6 Bxf6 20. Rad1 Bxb2
21. Rxd2 Ba3 22. Rde2 e6 23. Rd1 Rc7 24. g3 Kg7 25. Kg2 Rc3 26. Rdd2 b5 27. Rc2
b4 28. Rxc3 bxc3 29. Rc2 Bb4 30. a3 Bxa3 31. Rxc3 Bc5 32. Rc4 a5 33. Kf3 Bb4 34.
Ke3 Kf6 35. Rc7 Bc5+ 36. Kd3 Bg1 37. Rc2 d5 38. Rg2 dxe4+ 39. Kxe4 Bc5 40. Rc2
Bb4 41. Rc7 h5 42. Kd3 Kg7 43. Kc4 Be1 44. Kb5 h4 45. Rc1 Bf2 46. gxh4 Bxh4 47.
Kxa5 Be7 48. b4 Bd6 49. Rc4 Kf8 50. b5 Ke7 51. b6 Kd7 52. b7 e5 53. fxe5 Bxe5
54. h3 Ke6 55. Re4 Kd5 1-0

[Event "Ogolnopolska Olimpiada Mlodziezy D-14"]
[Site "Spala"]
[Date "1899-12-30"]
[Round "1.13"]
[White "Zalewska, Katarzyna"]
[Black "Karykowska, Anna"]
[Result "0-1"]
[WhiteTitle "II+"]
[BlackTitle "I+"]
[WhiteElo "1331"]
[BlackElo "1525"]

1. d4 d5 2. Bf4 c5 3. e3 Nc6 4. c4 Nf6 5. Nc3 Bf5 6. Nf3 e6 7. Qb3 Qd7 8. Be2 cxd4
9. Nxd4 Nxd4 10. exd4 a6 11. c5 Be7 12. Nb5 O-O 13. Nd6 Bxd6 14. Bxd6 Rfc8 15.
f3 Ne8 16. Bg3 f6 17. O-O e5 18. dxe5 Rxc5 19. Rac1 Rac8 20. Rxc5 Rxc5 21. Qb6
Rc6 22. Qd4 fxe5 23. Bxe5 Nf6 24. Rd1 Qe6 25. Rd2 Rc2 26. Rxc2 Bxc2 27. b3 Nd7
28. f4 Be4 29. Bxg7 Qg6 30. g4 Qxg7 31. Qa7 Qa1+ 32. Kf2 Qh1 33. Qa8+ Kf7 34.
Qxb7 Qxh2+ 35. Ke1 Qg3+ 36. Kd1 Ke7 37. Qb4+ Ke8 38. Qd6 Bf3 39. Qe6+ Kd8 40.
Qxa6 Qxf4 41. Bxf3 Qxf3+ 42. Qe2 Qc3 43. Qc2 Qd4+ 44. Kc1 h6 45. Qg6 Qa1+ 46.
Qb1 Qf6 47. Qf5 Qxf5 48. gxf5 h5 49. Kd2 h4 50. Ke2 h3 51. Kf2 d4 52. Kg3 d3 53.
Kxh3 d2 54. b4 d1=Q 55. Kh4 Qd4+ 56. Kg5 Qxb4 57. f6 Nxf6 58. Kxf6 Qa3 0-1

[Event "Ogolnopolska Olimpiada Mlodziezy D-14"]
[Site "Spala"]
[Date "1899-12-30"]
[Round "1.14"]
[White "Socko, Weronika"]
[Black "Malinowska, Monika"]
[Result "1/2-1/2"]
[WhiteTitle "II+"]
[BlackTitle "II+"]
[WhiteElo "1518"]
[BlackElo "1326"]

1. d4 d5 2. c4 e6 3. Nc3 Nf6 4. Bg5 Nbd7 5. e3 Be7 6. Nf3 O-O 7. Be2 dxc4 8. Bxc4
b6 9. O-O Bb7 10. Re1 c5 11. d5 Nxd5 12. Bxd5 exd5 13. Bxe7 Qxe7 14. Nxd5 Bxd5
15. Qxd5 Nf6 16. Qg5 h6 17. Qh4 Qe4 18. Qg3 Rfd8 19. Qe5 Qxe5 20. Nxe5 Rd2 21.
Nc4 Rd5 22. Rad1 Rad8 23. Rxd5 Rxd5 24. f3 Rd3 25. Re2 Nd5 26. Kf2 Nb4 27. a3
Nc6 28. Rd2 Rxd2+ 29. Nxd2 Kf8 30. Ke2 Ke7 31. Kd3 Ne5+ 32. Kc3 Kd7 33. h3 Nc6
34. f4 Ke6 35. Kc4 Kd6 36. g4 Ne7 37. Ne4+ Kc6 38. Nc3 a6 39. a4 Kd6 40. Kd3 Nc6
41. e4 Nb4+ 42. Ke3 f6 43. Kd2 Ke6 44. Ke3 Kd6 45. Kd2 1/2-1/2

[Event "Ogolnopolska Olimpiada Mlodziezy D-14"]
[Site "Spala"]
[Date "1899-12-30"]
[Round "1.15"]
[White "Popiel, Natalia"]
[Black "Kwiatkowska, Agnieszka"]
[Result "0-1"]
[WhiteTitle "II"]
[BlackTitle "II+"]
[WhiteElo "1319"]
[BlackElo "1518"]

1. e4 c5 2. Nf3 e6 3. d4 cxd4 4. Nxd4 Nf6 5. Nc3 d6 6. Be3 Be7 7. Bd3 O-O 8. O-O
Nbd7 9. Qe2 a6 10. f4 Qc7 11. Kh1 b5 12. f5 e5 13. Nf3 Bb7 14. a3 Rfd8 15. Bf2
Rac8 16. Rac1 h6 17. h3 Nh7 18. g4 Ng5 19. h4 Nxf3 20. Qxf3 Nf8 21. Nd5 Bxd5 22.
exd5 Nh7 23. Rg1 Re8 24. Kh2 Qb7 25. Kh3 Bg5 26. Rcd1 Bf4 27. Be4 Nf6 28. g5 hxg5
29. hxg5 Nxe4 30. Qxe4 Rc4 31. Qe2 Qd7 32. Rg4 Qxf5 33. c3 Bxg5 34. Rdd4 Rec8
35. Rxc4 Rxc4 36. Bh4 Qxg4+ 37. Qxg4 Rxg4 38. Kxg4 Bxh4 39. Kxh4 f5 40. Kg3 g5
41. b3 e4 42. Kf2 f4 43. c4 bxc4 44. bxc4 g4 45. a4 e3+ 46. Ke2 a5 47. Kf1 f3
48. Kg1 g3 49. Kf1 e2+ 50. Ke1 Kf7 51. Kd2 g2 52. Ke3 g1=Q+ 53. Kxf3 Qf1+ 54.
Kg3 e1=B+ 55. Kg4 Kf6 56. Kh5 Qg2 57. c5 Qg5# 0-1

[Event "Ogolnopolska Olimpiada Mlodziezy D-14"]
[Site "Spala"]
[Date "1899-12-30"]
[Round "1.16"]
[White "Guzik, Natalia"]
[Black "Spadlo, Katarzyna"]
[Result "1-0"]
[WhiteTitle "I"]
[BlackTitle "II"]
[WhiteElo "1498"]
[BlackElo "1318"]

1. e4 e6 2. d4 d5 3. e5 c5 4. c3 Nc6 5. Nf3 Qb6 6. a3 c4 7. Be2 Nge7 8. Nbd2 Ng6
9. Nf1 Be7 10. Ng3 Bd7 11. Nh5 O-O 12. Rb1 f6 13. exf6 Bxf6 14. Nxf6+ Rxf6 15.
Bg5 Rff8 16. Qd2 Nce7 17. h4 Nf5 18. h5 Nh8 19. g4 Nd6 20. Ne5 Qc7 21. f3 Nhf7
22. Bf4 Qd8 23. h6 Ne8 24. hxg7 Nxg7 25. Qc2 Nxe5 26. Qxh7+ Kf7 27. Bxe5 Qg5 28.
Rh5 Qg6 29. Rh6 Qxh7 30. Rxh7 Rg8 31. Kd2 Kf8 32. Rbh1 Be8 33. R1h6 Rd8 34. Rf6+
Bf7 35. g5 Ke7 36. Rf4 Nf5 37. Bf6+ Kd6 38. Bxd8 Bg6 39. Rxb7 Rxd8 40. Rxa7 Rb8
41. Kc1 Ng3 42. Bd1 Nf5 43. Bc2 Rh8 44. Bxf5 Rh1+ 45. Kd2 Bxf5 46. Ke3 Kc6 47.
Rxf5 exf5 48. g6 Rh8 49. g7 Rg8 50. Kf4 Kd6 51. Kxf5 Kc6 52. Kf6 Kb6 53. Re7 Kc6
54. Kf7 Rxg7+ 55. Kxg7 Kd6 56. Kf6 Kc6 57. Ke6 Kb6 58. Kd6 Kb5 59. Rb7+ Ka4 60.
Kc5 Ka5 61. Ra7# 1-0

[Event "Ogolnopolska Olimpiada Mlodziezy D-14"]
[Site "Spala"]
[Date "1899-12-30"]
[Round "1.17"]
[White "Gil, Oliwia"]
[Black "Gredka, Dominika"]
[Result "1-0"]
[WhiteTitle "II"]
[BlackTitle "I"]
[WhiteElo "1316"]
[BlackElo "1470"]

1. e4 Nf6 2. Nc3 e5 3. Nf3 d6 4. d4 exd4 5. Nxd4 Be7 6. Bd3 O-O 7. h3 Re8 8. O-O
Nbd7 9. Bf4 Nf8 10. Re1 Ng6 11. Bg3 Bf8 12. Nd5 c6 13. Nc3 Ne5 14. Bxe5 dxe5 15.
Nf3 h6 16. a3 Be6 17. Bf1 Qc7 18. Qe2 Nh5 19. Red1 Nf4 20. Qe3 b6 21. Ne2 Bc5
22. Qc3 Ng6 23. Rd2 Rad8 24. Rad1 Be7 25. Ng3 Rxd2 26. Rxd2 Rd8 27. Rxd8+ Bxd8
28. Bd3 Be7 29. Bb5 Bc5 30. Bc4 Bxc4 31. Qxc4 Nf4 32. Ne2 Nh5 33. Qc3 Bd6 34.
Nh4 g6 35. Ng3 Nf6 36. Qf3 Qd8 37. Qc3 Qd7 38. Nf3 Qc7 39. Ne1 Bc5 40. Nd3 Bd4
41. Qd2 Qd7 42. Qxh6 b5 43. Qd2 Bxb2 44. Qb4 Bd4 45. Qe1 Qe7 46. Qb4 Qe8 47. Qd6
Qd7 48. Qxf6 Qc7 49. Ne2 Ba1 1-0

[Event "Ogolnopolska Olimpiada Mlodziezy D-14"]
[Site "Spala"]
[Date "1899-12-30"]
[Round "1.18"]
[White "Gowin, Malgorzata"]
[Black "Bakalarczyk, Zuzanna"]
[Result "0-1"]
[WhiteTitle "II+"]
[BlackTitle "II"]
[WhiteElo "1458"]
[BlackElo "1246"]

1. e4 e5 2. Nf3 Nc6 3. Bb5 a6 4. Ba4 Nf6 5. d3 b5 6. Bb3 Bc5 7. O-O d6 8. h3 O-O
9. Bg5 h6 10. Bh4 Bb7 11. c3 Re8 12. Re1 Na5 13. Bc2 Nc6 14. d4 Bb6 15. d5 Nb8
16. Qd2 Nbd7 17. b4 Nf8 18. a4 Rc8 19. Na3 c6 20. c4 Ng6 21. dxc6 Bxc6 22. axb5
axb5 23. Nxb5 Bxb5 24. cxb5 Nxh4 25. Nxh4 Bd4 26. Ra6 Bc3 27. Qd1 Bxe1 28. Rxd6
Bxf2+ 29. Kxf2 Qc7 30. Rc6 Qb7 31. Ba4 Rxc6 32. bxc6 Qxb4 33. c7 Qb6+ 34. Kf3
Rc8 35. Nf5 Qxc7 36. Qd6 Qc3+ 37. Ne3 Qd4 38. Qxd4 exd4 39. Bc2 dxe3 0-1

[Event "Ogolnopolska Olimpiada Mlodziezy D-14"]
[Site "Spala"]
[Date "1899-12-30"]
[Round "1.19"]
[White "Borsuk, Aleksandra"]
[Black "Trybowska, Barbara"]
[Result "0-1"]
[WhiteTitle "II"]
[BlackTitle "I"]
[WhiteElo "1228"]
[BlackElo "1457"]

1. e4 e5 2. Nf3 Nc6 3. Bc4 Bc5 4. c3 Nf6 5. d4 exd4 6. cxd4 Bb4+ 7. Bd2 Bxd2+ 8.
Nbxd2 d5 9. exd5 Nxd5 10. O-O O-O 11. Re1 Bg4 12. Qb3 Na5 13. Qc3 Nxc4 14. Qxc4
Nf4 15. Re4 Qd6 16. g3 Be6 17. Qc3 Nd5 18. Qc1 f5 19. Rh4 f4 20. Ne4 Qe7 21. Neg5
fxg3 22. hxg3 h6 23. Nxe6 Qxe6 24. Ne5 Qf5 25. f4 Qe4 26. Qc4 b5 27. Qc6 Qxd4+
28. Kh2 Qxb2+ 29. Kh3 Nf6 30. Qe6+ Kh8 31. Ng6+ Kh7 32. Nxf8+ Rxf8 33. Rg1 Re8
34. Qf5+ Kh8 35. Rb1 Qxa2 36. Rxb5 Ne4 37. Ra5 Qc2 38. Rh5 Qd3 39. Qg6 Nf2+ 40.
Kh4 Qxg6 41. Rag5 Qxg5+ 42. fxg5 Re4+ 43. g4 Rxg4# 0-1

[Event "Ogolnopolska Olimpiada Mlodziezy D-14"]
[Site "Spala"]
[Date "1899-12-30"]
[Round "1.20"]
[White "Trembowiecka-wysota, Aleksandra"]
[Black "Samujlo, Agnieszka"]
[Result "1-0"]
[WhiteTitle "I"]
[BlackTitle "II"]
[WhiteElo "1451"]
[BlackElo "1216"]

1. e4 e5 2. Nf3 Nc6 3. d4 exd4 4. Nxd4 Bb4+ 5. Bd2 Bxd2+ 6. Qxd2 d6 7. Nc3 Bd7
8. O-O-O Nf6 9. f3 O-O 10. g4 h6 11. h4 Nh7 12. Nxc6 bxc6 13. Bc4 Qf6 14. Qh2
Qxf3 15. g5 Qh5 16. g6 Qxg6 17. Rhg1 Qf6 18. e5 Qe7 19. Qg3 g6 20. Qxg6+ Kh8 21.
Qg7# 1-0

[Event "Ogolnopolska Olimpiada Mlodziezy D-14"]
[Site "Spala"]
[Date "1899-12-30"]
[Round "1.21"]
[White "Bochniarz, Katarzyna"]
[Black "Kindler, Karolina"]
[Result "0-1"]
[WhiteTitle "II"]
[BlackTitle "I"]
[WhiteElo "1192"]
[BlackElo "1438"]

1. c4 e5 2. Nc3 Nf6 3. g3 Nc6 4. Bg2 d6 5. e4 Be6 6. d3 Qd7 7. Nge2 h6 8. O-O Bh3
9. Re1 Bxg2 10. Kxg2 Qg4 11. Ng1 Qg6 12. Nf3 Be7 13. Be3 Qh7 14. Rb1 g5 15. b4
Nh5 16. b5 Nd8 17. Nxe5 Nxg3 18. fxg3 dxe5 19. Nd5 Ne6 20. Nxe7 Kxe7 21. Qh5 Ng7
22. Qf3 Qg6 23. Rf1 b6 24. Qg4 Rhd8 25. Rb3 f6 26. a4 h5 27. Qf3 g4 28. Qe2 Ne6
29. Ra3 Nd4 30. Bxd4 Rxd4 31. Qe3 a6 32. Rfa1 axb5 33. axb5 Rxa3 34. Rxa3 Qh7
35. Qf2 Rxd3 36. Rxd3 Qxe4+ 37. Kg1 Qxd3 38. Qf1 Qxf1+ 39. Kxf1 Kd6 40. Ke2 Kc5
41. Kd3 f5 42. Kc3 e4 43. Kd2 Kxc4 44. Ke3 Kxb5 45. Kf4 Kc4 46. Ke3 b5 47. Kd2
b4 48. Ke2 b3 49. Kd2 e3+ 50. Kc1 e2 51. Kd2 b2 52. Kxe2 b1=Q 53. Kd2 Qd3+ 54.
Ke1 Qc2 0-1

[Event "Ogolnopolska Olimpiada Mlodziezy D-14"]
[Site "Spala"]
[Date "1899-12-30"]
[Round "1.22"]
[White "Jurkiewicz, Zuzanna"]
[Black "Surpeta, Julia"]
[Result "1-0"]
[WhiteTitle "I"]
[BlackTitle "II"]
[WhiteElo "1426"]
[BlackElo "1130"]

1. d4 d5 2. c4 e6 3. Nc3 c6 4. cxd5 cxd5 5. a3 Nc6 6. Nf3 Nf6 7. Bg5 Be7 8. e3
O-O 9. Bd3 Qc7 10. Rc1 Bd7 11. O-O a6 12. Bb1 e5 13. dxe5 Nxe5 14. Nxd5 Qd6 15.
Nxe7+ Qxe7 16. Nxe5 Qxe5 17. Bxf6 Qxf6 18. Qxd7 Rfd8 19. Qxb7 Rab8 20. Qe4 g6
21. b4 Rd6 22. Ba2 Rbd8 23. Rc7 Rd1 24. Rc1 Rxc1 25. Rxc1 Qb2 26. Qc4 Kh8 27.
Rb1 Qxa3 28. Qxf7 Qxb4 29. Qf6# 1-0

[Event "Ogolnopolska Olimpiada Mlodziezy D-14"]
[Site "Spala"]
[Date "1899-12-30"]
[Round "2.1"]
[White "Sliwicka, Alicja"]
[Black "Guzik, Natalia"]
[Result "1-0"]
[WhiteTitle "WFM"]
[BlackTitle "I"]
[WhiteElo "1841"]
[BlackElo "1498"]

1. e4 e5 2. Bc4 Nc6 3. Nf3 Nf6 4. d3 Bc5 5. c3 O-O 6. Nbd2 d5 7. exd5 Nxd5 8. Ne4
Be7 9. b4 f5 10. Qb3 fxe4 11. Bxd5+ Kh8 12. Bxe4 Bf5 13. O-O Qd6 14. Re1 Bxe4
15. dxe4 Qg6 16. Kh1 Rf7 17. b5 Na5 18. Qa4 Qh5 19. Qxa5 Rxf3 20. Be3 Raf8 21.
Qa4 Bh4 22. Qd1 Qg4 23. gxf3 Rxf3 24. Rg1 Qxe4 25. Rg2 h6 26. Qd7 Bxf2 27. Qxg7#
1-0

[Event "Ogolnopolska Olimpiada Mlodziezy D-14"]
[Site "Spala"]
[Date "1899-12-30"]
[Round "2.2"]
[White "Trybowska, Barbara"]
[Black "Antolak, Julia"]
[Result "0-1"]
[WhiteTitle "I"]
[BlackTitle "I++"]
[WhiteElo "1457"]
[BlackElo "1809"]

1. e4 c5 2. Nc3 e6 3. Nf3 a6 4. d4 cxd4 5. Nxd4 d6 6. Bd3 Nf6 7. O-O Be7 8. Be3
Qc7 9. h3 Nbd7 10. Qe2 Nc5 11. Nf3 b5 12. a3 Bb7 13. Bd2 O-O 14. b4 Ncd7 15. a4
bxa4 16. Rxa4 Nb6 17. Ra2 d5 18. exd5 Nbxd5 19. Nxd5 Nxd5 20. Bxa6 Bxa6 21. Rxa6
Rxa6 22. Qxa6 Nxb4 23. Bxb4 Bxb4 24. Qd3 Rc8 25. Rb1 Be7 26. Nd4 Bf6 27. Rb4 h6
28. Qb3 Bxd4 29. Rxd4 Qxc2 30. Rd8+ Kh7 31. Qxc2+ Rxc2 32. Rd7 Kg6 33. g4 f5 34.
gxf5+ exf5 35. Kg2 Rc6 36. Rd4 Kf6 37. h4 g5 38. hxg5+ hxg5 39. Kg3 Rc3+ 40. Kg2
g4 41. Ra4 Kg5 42. Ra5 Rc4 43. Kg3 Rc3+ 44. Kg2 Rf3 45. Rb5 Kf4 46. Ra5 Rd3 47.
Rb5 Ke4 48. Rb4+ Rd4 49. Rxd4+ Kxd4 50. f3 g3 51. Kxg3 Ke3 52. f4 Ke4 53. Kg2
0-1

[Event "Ogolnopolska Olimpiada Mlodziezy D-14"]
[Site "Spala"]
[Date "1899-12-30"]
[Round "2.3"]
[White "Frej, Zofia"]
[Black "Trembowiecka-wysota, Aleksandra"]
[Result "1-0"]
[WhiteTitle "I+"]
[BlackTitle "I"]
[WhiteElo "1747"]
[BlackElo "1451"]

1. e4 c5 2. Nf3 d6 3. c3 Nf6 4. h3 g6 5. Bd3 Bg7 6. O-O O-O 7. Bc2 Nc6 8. d4 cxd4
9. cxd4 e5 10. Nc3 exd4 11. Nb5 a6 12. Nbxd4 Nxd4 13. Nxd4 d5 14. exd5 Qxd5 15.
Bb3 Qd6 16. Be3 Rd8 17. Qf3 Qb4 18. Rad1 Bd7 19. Bg5 Qb6 20. Rfe1 Re8 21. Rxe8+
Rxe8 22. a4 Re5 23. Bf4 Re4 24. Be3 Qb4 25. Bc2 Re5 26. Bd2 Qb6 27. Bc3 Re8 28.
a5 Qc7 29. Bb3 Bc8 30. Nb5 axb5 31. Bxf6 Bxf6 32. Qxf6 Bf5 33. h4 h5 34. g3 Bg4
35. Qxg6+ Kf8 36. Qh6+ Kg8 37. Rc1 Qe7 38. Qd2 Qf6 39. Re1 Rxe1+ 40. Qxe1 Bh3
41. Bd5 Bc8 42. Qe8+ 1-0

[Event "Ogolnopolska Olimpiada Mlodziezy D-14"]
[Site "Spala"]
[Date "1899-12-30"]
[Round "2.4"]
[White "Kindler, Karolina"]
[Black "Parol, Pola"]
[Result "0-1"]
[WhiteTitle "I"]
[BlackTitle "I"]
[WhiteElo "1438"]
[BlackElo "1734"]

1. e4 c5 2. Nf3 Nc6 3. d4 cxd4 4. Nxd4 g6 5. c4 Bg7 6. Be3 Nf6 7. Nc3 O-O 8. Be2
d6 9. f3 Bd7 10. O-O Nxd4 11. Bxd4 Bc6 12. Nd5 Nd7 13. Qd2 a5 14. Rfd1 Bxd4+ 15.
Qxd4 Nc5 16. Rac1 e5 17. Qd2 Ne6 18. Qe3 Nd4 19. b3 Bxd5 20. exd5 f5 21. Bd3 f4
22. Qf2 b6 23. Be4 g5 24. g4 fxg3 25. hxg3 Nxf3+ 26. Bxf3 g4 27. Rd3 e4 28. Rd4
Rxf3 29. Qg2 Qg5 30. Re1 e3 31. Re4 Raf8 32. Re6 Rf2 33. Qe4 Qh5 34. Qh1 Rf1+
35. Rxf1 Rxf1+ 36. Kxf1 Qxh1+ 37. Ke2 Qf3+ 38. Ke1 Qf2+ 39. Kd1 Qd2# 0-1